[Event "Rated Blitz game"]
[Site "?"]
[Date "2021.01.03"]
[Round "?"]
[White "antalsakk"]
[Black "voljache"]
[Result "0-1"]
[WhiteElo "2329"]
[BlackElo "2401"]
[PlyCount "31"]
[EventDate "2021.??.??"]
[EventType "blitz"]

1. e4 e5 2. Nf3 d5 3. Nxe5 dxe4 4. d4 Nd7 5. Nxd7 Bxd7 6. Bc4 Nf6 7. O-O Bd6 8.
f4 exf3 9. Qxf3 h6 10. Re1+ Kf8 11. Nc3 Bc6 12. Bd5 Nxd5 13. Nxd5 Bxd5 14. Qxd5
Bxh2+ 15. Kxh2 Qxd5 16. c4 {Normal} 0-1

[Event "Rated Blitz game"]
[Site "?"]
[Date "2021.01.03"]
[Round "?"]
[White "lavr64"]
[Black "Tayota"]
[Result "1-0"]
[WhiteElo "2516"]
[BlackElo "2384"]
[PlyCount "67"]
[EventDate "2021.??.??"]
[EventType "blitz"]

1. e4 e5 2. Nf3 d5 3. exd5 e4 4. Ne5 Bd6 5. d4 Nf6 6. Bb5+ Nbd7 7. c4 a6 8.
Bxd7+ Nxd7 9. Nxd7 Bxd7 10. Nc3 O-O 11. Be3 b6 12. c5 Be7 13. c6 Bf5 14. g4 Bg6
15. h4 Bxh4 16. Qd2 b5 17. d6 cxd6 18. Nd5 Be7 19. Rc1 Rc8 20. c7 Qe8 21. Nb6
Bf6 22. Bg5 Qe7 23. Bxf6 Qxf6 24. Nxc8 Rxc8 25. Rh3 Qe6 26. Ra3 Qxg4 27. Qe3 f5
28. Qg3 Qh5 29. Rxa6 e3 30. fxe3 f4 31. Qxf4 Bd3 32. Qf2 b4 33. Rxd6 b3 34.
Rd8+ {Normal} 1-0

[Event "Rated Blitz tournament 9D7RDCM0"]
[Site "?"]
[Date "2021.01.03"]
[Round "?"]
[White "Lynxinner"]
[Black "vovaches"]
[Result "1-0"]
[WhiteElo "2491"]
[BlackElo "2601"]
[PlyCount "145"]
[EventDate "2021.??.??"]
[EventType "blitz"]

1. e4 e5 2. Nf3 d5 3. Nc3 dxe4 4. Nxe4 Nf6 5. Nxf6+ Qxf6 6. d4 exd4 7. Qxd4 Be7
8. Be3 Nc6 9. Qxf6 Bxf6 10. O-O-O Bd7 11. Bc4 Bg4 12. Bd5 O-O 13. h3 Bf5 14.
Bxc6 bxc6 15. Bd4 Be7 16. Be5 Rac8 17. Rhe1 Rfe8 18. Nd4 Bd7 19. Nb3 Be6 20.
Na5 Bd5 21. c4 Bb4 22. cxd5 Bxa5 23. Re3 Bb6 24. Bd4 Rxe3 25. Bxe3 cxd5 26.
Rxd5 Kf8 27. Kd2 Ke7 28. a4 Ke6 29. Rd3 c5 30. Rb3 Ba5+ 31. Ke2 Bb4 32. Rd3 a5
33. Bd2 c4 34. Re3+ Kd6 35. Bc3 f6 36. Kd2 Bc5 37. Rf3 Bb4 38. Kc2 Kd5 39. Re3
Rc7 40. g4 Rb7 41. f3 Bc5 42. Re2 Bb4 43. h4 Rc7 44. h5 Rc8 45. Re4 Rc7 46.
Rd4+ Kc5 47. Re4 Rd7 48. Re8 Rd3 49. Rc8+ Kd5 50. Bxb4 Rxf3 51. Bxa5 Rf2+ 52.
Bd2 Rf3 53. a5 c3 54. a6 cxd2 55. a7 Rd3 56. a8=Q+ Ke5 57. Re8+ Kf4 58. Qh1 Rd7
59. Qd1 Rc7+ 60. Kxd2 Rc6 61. Ke2 Kg5 62. Qd2+ Kh4 63. Qe3 Rc4 64. Qf2+ Kg5 65.
Qf3 Rf4 66. Qe3 Kxg4 67. Qxf4+ Kxf4 68. Re7 Kg5 69. Rxg7+ Kh6 70. Rxh7+ Kxh7
71. Kf3 Kh6 72. Kg4 f5+ 73. Kxf5 {Time forfeit} 1-0

[Event "Rated Blitz game"]
[Site "?"]
[Date "2021.01.03"]
[Round "?"]
[White "IMmelvinp"]
[Black "voljache"]
[Result "1-0"]
[WhiteElo "2324"]
[BlackElo "2432"]
[PlyCount "53"]
[EventDate "2021.??.??"]
[EventType "blitz"]

1. e4 e5 2. Nf3 d5 3. d4 dxe4 4. Nxe5 Nd7 5. Qe2 Ngf6 6. Nc3 Bb4 7. Qc4 Qe7 8.
a3 Bxc3+ 9. Qxc3 Nd5 10. Qb3 Nxe5 11. Qxd5 Ng4 12. h3 c6 13. Qg5 Nf6 14. Qxg7
Rg8 15. Qh6 Bf5 16. Bg5 Rg6 17. Qh4 O-O-O 18. O-O-O Qe6 19. g4 Qa2 20. Bxf6 e3
21. fxe3 Rxf6 22. Qxf6 Be4 23. Rg1 Qa1+ 24. Kd2 Qxb2 25. Bd3 Bxd3 26. Kxd3
Qxa3+ 27. c3 {Time forfeit} 1-0

[Event "Rated Blitz game"]
[Site "?"]
[Date "2021.01.03"]
[Round "?"]
[White "Dr_Bledow"]
[Black "Tayota"]
[Result "1-0"]
[WhiteElo "2494"]
[BlackElo "2392"]
[PlyCount "47"]
[EventDate "2021.??.??"]
[EventType "blitz"]

1. e4 e5 2. Nf3 d5 3. exd5 e4 4. Qe2 f5 5. d3 Nf6 6. Nc3 Bb4 7. dxe4 Bxc3+ 8.
bxc3 fxe4 9. c4 O-O 10. Nd4 c5 11. Nb5 a6 12. Nc3 Bg4 13. Qe3 Nbd7 14. Be2 Bxe2
15. Qxe2 Ne5 16. O-O Re8 17. Bg5 h6 18. Bxf6 Qxf6 19. Nxe4 Qg6 20. Rae1 b6 21.
f4 Ng4 22. h3 Rxe4 23. Qxe4 Nf6 24. Qxg6 {Normal} 1-0

[Event "Rated Blitz tournament jan21bua"]
[Site "?"]
[Date "2021.01.02"]
[Round "?"]
[White "MassiveStroke04"]
[Black "Fantastic_power06"]
[Result "1-0"]
[WhiteElo "2369"]
[BlackElo "2553"]
[PlyCount "109"]
[EventDate "2021.??.??"]
[EventType "blitz"]

1. e4 e5 2. Nf3 d5 3. Nxe5 Bd6 4. Nxf7 Kxf7 5. Nc3 Nf6 6. d3 Re8 7. Bg5 dxe4 8.
Nxe4 Nxe4 9. Qh5+ Kg8 10. Bxd8 Nf6+ 11. Qxe8+ Nxe8 12. Bh4 Nc6 13. Bg3 Nd4 14.
O-O-O Be6 15. c3 Nc6 16. Bxd6 Nxd6 17. b3 a5 18. d4 Bf7 19. Kb2 a4 20. Bd3 Na5
21. c4 Nc6 22. Kc3 b5 23. c5 b4+ 24. Kb2 a3+ 25. Kb1 Ne8 26. Be4 Bg6 27. Bxg6
hxg6 28. d5 Ne5 29. d6 cxd6 30. cxd6 Rd8 31. Rhe1 Nf7 32. d7 Nf6 33. Rd4 Rxd7
34. Rxd7 Nxd7 35. Re4 Nc5 36. Rxb4 Ne5 37. Rb5 Ned3 38. Kc2 Kf7 39. b4 Ke6 40.
Rxc5 Nxf2 41. Rg5 Kf6 42. Rg3 Ne4 43. Rf3+ Ke5 44. Kd3 Nd6 45. Re3+ Kd5 46. Kc3
Nb5+ 47. Kb3 Kd4 48. Ka4 Nd6 49. Rg3 Nc4 50. Rg4+ Kc3 51. Rxc4+ Kxc4 52. b5 Kc3
53. b6 Kb2 54. b7 Kxa2 55. b8=Q {Normal} 1-0

[Event "Rated Blitz tournament jan21bta"]
[Site "?"]
[Date "2021.01.02"]
[Round "?"]
[White "Milinanana"]
[Black "Abik02"]
[Result "1-0"]
[WhiteElo "2213"]
[BlackElo "2696"]
[PlyCount "49"]
[EventDate "2021.??.??"]
[EventType "blitz"]

1. e4 e5 2. Nf3 d5 3. d4 dxe4 4. Nxe5 Bd6 5. Nc4 Nf6 6. Nxd6+ Qxd6 7. Bg5 O-O
8. Bc4 Nc6 9. c3 Bg4 10. Qc2 Rae8 11. Nd2 h6 12. Be3 Ne7 13. h3 Bf5 14. g4 Bg6
15. O-O-O Nfd5 16. h4 f6 17. Rdg1 Kh7 18. g5 f5 19. gxh6 f4 20. hxg7 Rg8 21. h5
Bf5 22. Nxe4 fxe3 23. Nxd6 Bxc2 24. Kxc2 exf2 25. Bd3+ {Normal} 1-0

[Event "Rated Blitz tournament jan21bta"]
[Site "?"]
[Date "2021.01.02"]
[Round "?"]
[White "Marty83"]
[Black "KrAKeN_1"]
[Result "1-0"]
[WhiteElo "2393"]
[BlackElo "2413"]
[PlyCount "121"]
[EventDate "2021.??.??"]
[EventType "blitz"]

1. e4 e5 2. Nf3 d5 3. d4 dxe4 4. Nxe5 Bd6 5. Nc4 Nf6 6. Bg5 O-O 7. Nc3 Be7 8.
Be2 Bf5 9. Qd2 Nbd7 10. h4 a6 11. Ne3 g6 12. g4 Be6 13. d5 Nxd5 14. Nexd5 Bxg5
15. hxg5 c6 16. Nf6+ Nxf6 17. Qxd8 Raxd8 18. gxf6 Rd6 19. Nxe4 Rd4 20. f3 Re8
21. Bd3 c5 22. b3 b5 23. Kf2 c4 24. bxc4 bxc4 25. Ke3 Rd7 26. Be2 Rb7 27. Rab1
Rc7 28. Rb6 Bd5 29. Rd1 Ba8 30. Kf4 h6 31. g5 hxg5+ 32. Kxg5 Re5+ 33. Kg4 Rc8
34. Rbd6 Ree8 35. R1d4 c3 36. Bxa6 Rb8 37. Bc4 Rf8 38. Bb3 Kh7 39. Rd7 Kg8 40.
Ng5 Bb7 41. Nxf7 Bc8 42. Nd6+ Kh8 43. Nxc8 Rbxc8 44. Kg5 Rc5+ 45. Kh6 Rh5+ 46.
Kxg6 Rh3 47. Rd8 Rg3+ 48. Kh5 Rgg8 49. Bxg8 Rxf6 50. Bc4+ Kg7 51. Bd3 Rh6+ 52.
Kg4 Kf7 53. R8d7+ Ke8 54. Ra7 Rb6 55. Kg5 Kf8 56. Bg6 Rb8 57. Rf4+ Kg8 58. Rff7
Rb5+ 59. Kh6 Rh5+ 60. Kxh5 Kh8 61. Ra8# {Normal} 1-0

[Event "Rated Blitz game"]
[Site "?"]
[Date "2021.01.02"]
[Round "?"]
[White "EMINEMEMINEM"]
[Black "Fantastic_power06"]
[Result "0-1"]
[WhiteElo "2461"]
[BlackElo "2560"]
[PlyCount "44"]
[EventDate "2021.??.??"]
[EventType "blitz"]

1. e4 e5 2. Nf3 d5 3. Nc3 dxe4 4. Nxe4 f5 5. Nc3 e4 6. Ng1 Nf6 7. d3 Bc5 8.
dxe4 Qxd1+ 9. Nxd1 Nxe4 10. Be3 O-O 11. Ne2 Nc6 12. f3 Nb4 13. fxe4 Nxc2+ 14.
Kd2 Nxe3 15. Nxe3 Rd8+ 16. Nd5 c6 17. Nec3 fxe4 18. Nxe4 Rxd5+ 19. Kc3 Bd4+ 20.
Kb3 b5 21. Re1 Be6 22. Nc5 Bf7 {Normal} 0-1

[Event "Rated Blitz game"]
[Site "?"]
[Date "2021.01.02"]
[Round "?"]
[White "lavr64"]
[Black "ali-sh"]
[Result "1-0"]
[WhiteElo "2464"]
[BlackElo "2554"]
[PlyCount "73"]
[EventDate "2021.??.??"]
[EventType "blitz"]

1. e4 e5 2. Nf3 d5 3. exd5 e4 4. Ne5 Qxd5 5. d4 exd3 6. Nxd3 Bd6 7. Nc3 Qf5 8.
Be3 Be6 9. Qd2 Nc6 10. O-O-O O-O-O 11. h3 Nf6 12. g4 Qa5 13. Bg2 Bxa2 14. g5
Nd5 15. Nxd5 Bxd5 16. Qxa5 Nxa5 17. Bxd5 Rd7 18. b4 Nc6 19. Bxc6 bxc6 20. Nc5
Re7 21. Kb2 Rhe8 22. Kb3 a5 23. Ra1 Bxc5 24. Bxc5 Re5 25. f4 Re4 26. bxa5 Kb7
27. a6+ Ka8 28. Rhf1 Rb8+ 29. Kc3 Rb5 30. Bd4 g6 31. Kd3 Re6 32. Be5 Rd5+ 33.
Ke4 Rd2 34. c4 Re2+ 35. Kd4 Ka7 36. Kc5 Re3 37. Rfb1 {Normal} 1-0

[Event "Rated Blitz tournament jan21bta"]
[Site "?"]
[Date "2021.01.02"]
[Round "?"]
[White "Gabrielian"]
[Black "Abik02"]
[Result "1-0"]
[WhiteElo "2626"]
[BlackElo "2641"]
[PlyCount "159"]
[EventDate "2021.??.??"]
[EventType "blitz"]

1. e4 e5 2. Nf3 d5 3. exd5 e4 4. Nd4 Qxd5 5. Nb3 Nf6 6. Nc3 Qe5 7. Bb5+ c6 8.
Be2 Bd6 9. d4 exd3 10. Qxd3 O-O 11. Qe3 Bf5 12. Qxe5 Bxe5 13. Bd1 Bxc3+ 14.
bxc3 Re8+ 15. Kf1 Nbd7 16. f3 Nd5 17. Nd4 Nxc3 18. Nxf5 Nxd1 19. Bd2 Nb2 20.
Bc3 Nc4 21. Bxg7 Rad8 22. Kf2 Ne3 23. Nxe3 Kxg7 24. Nf5+ Kf6 25. Nd6 Re5 26.
Rad1 Nc5 27. Rd2 b5 28. Rhd1 Ke6 29. f4 Re4 30. Kf3 Ra4 31. Re1+ Kf6 32. Ne8+
Rxe8 33. Rxe8 Rxa2 34. Rd6+ Kg7 35. f5 Rxc2 36. Rxc6 b4 37. Rb8 a5 38. g4 Rc3+
39. Kg2 b3 40. h4 Rc2+ 41. Kh3 Rc3+ 42. Kg2 Rc2+ 43. Kf3 Rc3+ 44. Ke2 Rc2+ 45.
Kd1 a4 46. g5 Rh2 47. h5 Rxh5 48. Rxc5 Rxg5 49. f6+ Kg6 50. Rg8+ Kxf6 51. Rgxg5
a3 52. Rgf5+ Kg6 53. Kc1 a2 54. Kb2 h5 55. Ka1 h4 56. Rf3 h3 57. Rxh3 f5 58.
Rf3 Kg5 59. Rcxf5+ Kg4 60. Rb5 b2+ 61. Rxb2 Kxf3 62. Rxa2 Ke4 63. Kb2 Ke5 64.
Ra3 Kd5 65. Kc3 Kc5 66. Kd3 Kb6 67. Rc3 Kb5 68. Rc4 Ka5 69. Kd4 Kb6 70. Kd5 Kb5
71. Rc6 Kb4 72. Rb6+ Kc3 73. Rb5 Kd3 74. Rb3+ Kc2 75. Kc4 Kd2 76. Rd3+ Ke2 77.
Kd4 Kf2 78. Re3 Kf1 79. Ke4 Kf2 80. Kd3 {Time forfeit} 1-0

[Event "Rated Blitz tournament jan21bta"]
[Site "?"]
[Date "2021.01.02"]
[Round "?"]
[White "Rain_Man"]
[Black "Abik02"]
[Result "0-1"]
[WhiteElo "2661"]
[BlackElo "2634"]
[PlyCount "128"]
[EventDate "2021.??.??"]
[EventType "blitz"]

1. e4 e5 2. Nf3 d5 3. d4 dxe4 4. Nxe5 Bd6 5. Nc3 Bxe5 6. dxe5 Qxd1+ 7. Nxd1 Nc6
8. Bf4 Nge7 9. Bb5 Bd7 10. Nc3 Ng6 11. Bg3 O-O-O 12. O-O-O Ncxe5 13. Bxe5 Nxe5
14. Bxd7+ Rxd7 15. Rxd7 Nxd7 16. Nxe4 Re8 17. Ng5 h6 18. Nf3 c6 19. Re1 Rxe1+
20. Nxe1 Kc7 21. Kd2 Kd6 22. Ke3 Ne5 23. Ke2 g5 24. h3 f5 25. b3 Kd5 26. c3 b5
27. Nd3 Nxd3 28. Kxd3 c5 29. c4+ bxc4+ 30. bxc4+ Ke5 31. Ke3 g4 32. h4 f4+ 33.
Kd3 Kf5 34. a3 a6 35. a4 a5 36. f3 gxf3 37. gxf3 Ke5 38. Kc3 Ke6 39. Kd3 Kf5
40. Kc3 Kg6 41. Kd3 Kh5 42. Ke4 Kxh4 43. Kxf4 h5 44. Ke5 Kg3 45. f4 h4 46. f5
h3 47. f6 h2 48. f7 h1=Q 49. f8=Q Qh5+ 50. Qf5 Qe8+ 51. Kd5 Qxa4 52. Kxc5 Qb4+
53. Kd5 a4 54. Qe5+ Kf3 55. Qe4+ Kg3 56. c5 Qb3+ 57. Qc4 Qb7+ 58. c6 Qf7+ 59.
Kc5 Qe7+ 60. Kb5 a3 61. c7 Qd7+ 62. Qc6 Qd3+ 63. Qc4 Qb1+ 64. Ka4 a2 {Normal}
0-1

[Event "Rated Blitz tournament jan21bta"]
[Site "?"]
[Date "2021.01.02"]
[Round "?"]
[White "Rain_Man"]
[Black "KrAKeN_1"]
[Result "1-0"]
[WhiteElo "2671"]
[BlackElo "2414"]
[PlyCount "67"]
[EventDate "2021.??.??"]
[EventType "blitz"]

1. e4 e5 2. Nf3 d5 3. d4 dxe4 4. Nxe5 Bd6 5. Nc3 Bxe5 6. dxe5 Qxd1+ 7. Nxd1 Nc6
8. Bf4 Bf5 9. Bb5 Nge7 10. Ne3 Bd7 11. O-O-O O-O-O 12. Bc4 Ng6 13. Bg3 Ncxe5
14. Bb3 f5 15. Nd5 Rhe8 16. h4 h5 17. Rd2 Be6 18. Rhd1 Kb8 19. Ba4 Rf8 20. Nf4
Rxd2 21. Rxd2 Nxf4 22. Bxf4 Ng6 23. Bg5 f4 24. Re2 Bd5 25. c4 f3 26. gxf3 exf3
27. Re3 Bxc4 28. Bc2 Nf4 29. Bxf4 Be2 30. Re7 a6 31. Bxc7+ Ka8 32. Bg3 Rc8 33.
Rc7 Rd8 34. Be4 {Normal} 1-0

[Event "Rated Blitz tournament jan21bta"]
[Site "?"]
[Date "2021.01.02"]
[Round "?"]
[White "Strelok2222"]
[Black "filolog"]
[Result "1-0"]
[WhiteElo "2470"]
[BlackElo "2552"]
[PlyCount "185"]
[EventDate "2021.??.??"]
[EventType "blitz"]

1. e4 e5 2. Nf3 d5 3. d4 dxe4 4. Nxe5 Bd6 5. Nc4 Nf6 6. Nc3 O-O 7. Be2 Nc6 8.
Nxd6 cxd6 9. h3 h6 10. Bf4 d5 11. O-O Re8 12. Nb5 Re7 13. c3 Qb6 14. b4 a5 15.
a3 Bf5 16. Nd6 Bg6 17. b5 Nd8 18. c4 dxc4 19. Nxc4 Qe6 20. Ne5 Nd5 21. Bc4 Rc8
22. Bg3 Rxc4 23. Nxc4 Nc3 24. Qb3 Ne2+ 25. Kh2 f5 26. Be5 Bf7 27. d5 Qxd5 28.
Rfd1 Qxc4 29. Rxd8+ Kh7 30. Qxc4 Bxc4 31. Bd6 Rf7 32. a4 Nd4 33. Be5 Ne6 34.
Ra8 Nc5 35. Rc1 Nd3 36. Rxc4 Nxe5 37. Rc5 Nd3 38. Rc2 b6 39. Rb8 Rf6 40. Rbc8
Kg6 41. R8c6 f4 42. Rxf6+ gxf6 43. Kg1 Kf5 44. Rc6 Nb2 45. Rxb6 Nxa4 46. Ra6
Ke5 47. b6 Kd6 48. Rxa5 Nxb6 49. Rf5 Nd5 50. Rh5 Ke6 51. Rxh6 Ne7 52. Rh8 Ng6
53. Ra8 Kf5 54. Ra6 Ne5 55. Ra5 Kg6 56. Kf1 Nd3 57. Ra4 f5 58. g3 fxg3 59. fxg3
Ne5 60. Kf2 Nd3+ 61. Ke3 Nc5 62. Ra5 Nb3 63. Rd5 Na1 64. Kf4 Nc2 65. Rd6+ Kf7
66. Kxf5 Ne3+ 67. Kxe4 Nc4 68. Rd4 Na5 69. Kf4 Nc6 70. Re4 Nd8 71. Re5 Nc6 72.
Rf5+ Ke6 73. g4 Kd6 74. Kg3 Ne7 75. h4 Nxf5+ 76. gxf5 Ke5 77. Kg4 Kf6 78. Kf4
Kf7 79. Kg5 Ke7 80. h5 Kd6 81. Kg6 Kd5 82. Kg7 Kd4 83. f6 Kd3 84. f7 Ke4 85.
f8=Q Kd3 86. Qf6 Kd2 87. h6 Kc2 88. h7 Kd2 89. h8=Q Kc2 90. Qhh4 Kd3 91. Qfg5
Ke2 92. Qgg3 Kd2 93. Qhh2+ {Time forfeit} 1-0

[Event "Rated Blitz game"]
[Site "?"]
[Date "2021.01.02"]
[Round "?"]
[White "RSUPE_MiRacLe"]
[Black "ShadowofEagle1"]
[Result "0-1"]
[WhiteElo "2641"]
[BlackElo "2539"]
[PlyCount "32"]
[EventDate "2021.??.??"]
[EventType "blitz"]

1. e4 e5 2. Nf3 d5 3. exd5 e4 4. Qe2 Nf6 5. d3 Qxd5 6. Nbd2 Nc6 7. Nxe4 Be6 8.
Nc3 Bb4 9. Bd2 Qf5 10. Ne4 Bxd2+ 11. Nfxd2 O-O-O 12. c3 Rhe8 13. g3 Ne5 14. d4
Nxe4 15. Nxe4 Nf3+ 16. Kd1 Bd5 {Normal} 0-1

[Event "Rated Blitz tournament jan21bta"]
[Site "?"]
[Date "2021.01.02"]
[Round "?"]
[White "Axf7"]
[Black "Jomajo"]
[Result "0-1"]
[WhiteElo "2237"]
[BlackElo "2559"]
[PlyCount "41"]
[EventDate "2021.??.??"]
[EventType "blitz"]

1. e4 e5 2. Nf3 d5 3. d4 dxe4 4. Nxe5 Bd6 5. Nc4 Nf6 6. Nxd6+ Qxd6 7. c4 O-O 8.
Nc3 Nc6 9. Be3 Re8 10. Be2 Bf5 11. O-O Rad8 12. Qd2 Nxd4 13. Rad1 Nxe2+ 14.
Qxe2 Qe5 15. Bxa7 Ng4 16. g3 c6 17. Bb6 Rxd1 18. Rxd1 Qe6 19. Be3 Ne5 20. b3
Bg4 21. Qd2 {Normal} 0-1

[Event "Rated Blitz game"]
[Site "?"]
[Date "2021.01.02"]
[Round "?"]
[White "Meysonn"]
[Black "Fantastic_power06"]
[Result "1-0"]
[WhiteElo "2631"]
[BlackElo "2565"]
[PlyCount "137"]
[EventDate "2021.??.??"]
[EventType "blitz"]

1. e4 e5 2. Nf3 d5 3. d3 Nc6 4. Nbd2 Nf6 5. Be2 g6 6. O-O Bg7 7. c3 O-O 8. Re1
Re8 9. Bf1 h6 10. Qc2 a5 11. b3 Be6 12. Bb2 Nh5 13. g3 f5 14. exd5 Bxd5 15. Bg2
g5 16. a3 g4 17. Nh4 Bxg2 18. Kxg2 Qd5+ 19. Kg1 Rf8 20. b4 Rad8 21. Nb3 Qxd3
22. Qxd3 Rxd3 23. Nc5 Rd2 24. Bc1 Rc2 25. b5 Nd8 26. Nd7 Rf7 27. Nxe5 Re7 28.
Bf4 Nxf4 29. gxf4 Bxe5 30. Nxf5 Re6 31. fxe5 Rxc3 32. Rad1 Nf7 33. Rd5 c6 34.
bxc6 bxc6 35. Rxa5 c5 36. Ra8+ Kh7 37. Ra7 Kg6 38. Nh4+ Kg7 39. Re4 h5 40. Rf4
Rxe5 41. Raxf7+ Kh6 42. Nf5+ Kg5 43. Ne3 Rxa3 44. R4f5+ Rxf5 45. Rxf5+ Kh4 46.
Kg2 Rc3 47. Re5 c4 48. Rc5 Rc1 49. Rxc4 Ra1 50. Rc5 Ra2 51. Rd5 Rb2 52. Nf5+
Kg5 53. Ng3+ Kg6 54. Rxh5 Rb4 55. Re5 Kf6 56. Re4 Kg6 57. Rxb4 Kh6 58. Rxg4 Kh7
59. Nf5 Kh8 60. h4 Kh7 61. h5 Kh8 62. Rg5 Kh7 63. Kg3 Kh8 64. Kf4 Kh7 65. Ke5
Kh8 66. Ke6 Kh7 67. Kf7 Kh8 68. Rg6 Kh7 69. Rf6 {Normal} 1-0

[Event "Rated Blitz game"]
[Site "?"]
[Date "2021.01.02"]
[Round "?"]
[White "lavr64"]
[Black "ali-sh"]
[Result "1-0"]
[WhiteElo "2467"]
[BlackElo "2551"]
[PlyCount "99"]
[EventDate "2021.??.??"]
[EventType "blitz"]

1. e4 e5 2. Nf3 d5 3. exd5 e4 4. Ne5 Qxd5 5. d4 exd3 6. Nxd3 Bd6 7. Nc3 Qf5 8.
Be2 Nc6 9. O-O Be6 10. Bf3 Nge7 11. Ne4 O-O-O 12. Nxd6+ Rxd6 13. Qe1 Nd4 14.
Be4 Qh5 15. Nf4 Qh4 16. c3 Ndc6 17. g3 Qf6 18. Qe2 Bf5 19. Bg2 g5 20. Nh5 Qg6
21. Re1 Rhd8 22. Be3 Bd3 23. Qg4+ f5 24. Qxg5 Qf7 25. Nf4 Be4 26. f3 Bd3 27.
Bc5 Rg8 28. Qh4 Ba6 29. Bxd6 cxd6 30. Rad1 Rd8 31. b3 Ng6 32. Nxg6 hxg6 33. Bf1
Bxf1 34. Kxf1 Ne5 35. Kg2 Re8 36. Qd4 Nc6 37. Qxd6 Rd8 38. Qc5 Rxd1 39. Rxd1
Qe6 40. Qf2 g5 41. Re1 Qd5 42. h3 g4 43. hxg4 fxg4 44. Re4 gxf3+ 45. Qxf3 Kc7
46. Qf4+ Kb6 47. Qf2+ Kc7 48. Qe2 Ne5 49. Kg1 Nc6 50. c4 {Time forfeit} 1-0

[Event "Rated Blitz game"]
[Site "?"]
[Date "2021.01.02"]
[Round "?"]
[White "arkos11"]
[Black "drdumbo"]
[Result "0-1"]
[WhiteElo "2421"]
[BlackElo "2490"]
[PlyCount "42"]
[EventDate "2021.??.??"]
[EventType "blitz"]

1. e4 e5 2. Nf3 d5 3. exd5 Bd6 4. c4 e4 5. Qe2 Nf6 6. Nc3 O-O 7. Nd4 Bg4 8. Qe3
c6 9. h3 Bh5 10. Be2 cxd5 11. cxd5 Bxe2 12. Qxe2 Nbd7 13. O-O Nc5 14. b4 Nd3
15. Nxe4 Nf4 16. Qf3 Nxe4 17. Qxe4 Re8 18. Qf3 Be5 19. Bb2 Bxd4 20. Bxd4 Ne2+
21. Kh1 Nxd4 {Normal} 0-1

[Event "Rated Blitz tournament jan21bta"]
[Site "?"]
[Date "2021.01.02"]
[Round "?"]
[White "Real-boy"]
[Black "KrAKeN_1"]
[Result "1-0"]
[WhiteElo "2644"]
[BlackElo "2477"]
[PlyCount "47"]
[EventDate "2021.??.??"]
[EventType "blitz"]

1. e4 e5 2. Nf3 d5 3. exd5 e4 4. Qe2 Nf6 5. Nc3 Be7 6. Nxe4 Nxd5 7. d3 O-O 8.
Qd1 c5 9. Be2 Nc6 10. O-O Bg4 11. c3 Qd7 12. Re1 Rad8 13. Bg5 Bxg5 14. Nfxg5
Bxe2 15. Rxe2 Nf4 16. Rd2 Ne5 17. Nxc5 Qc6 18. Nge4 b6 19. Nb3 Nfxd3 20. f3 a5
21. Nd4 Qc4 22. b3 Qa6 23. Qe2 f5 24. Nf2 {Normal} 1-0

[Event "Rated Blitz game"]
[Site "?"]
[Date "2021.01.02"]
[Round "?"]
[White "Valentun_Hulka"]
[Black "Fantastic_power06"]
[Result "0-1"]
[WhiteElo "2465"]
[BlackElo "2560"]
[PlyCount "30"]
[EventDate "2021.??.??"]
[EventType "blitz"]

1. e4 e5 2. Nf3 d5 3. exd5 e4 4. Nd4 Qxd5 5. Nb3 Qe5 6. Nc3 Nf6 7. Be2 Bd6 8.
h3 O-O 9. d4 exd3 10. Qxd3 Nc6 11. f4 Qe7 12. O-O Nb4 13. Qd1 Bf5 14. Nd4 Bc5
15. Ncb5 Rad8 {Normal} 0-1

[Event "Rated Blitz game"]
[Site "?"]
[Date "2021.01.02"]
[Round "?"]
[White "daubon"]
[Black "drdumbo"]
[Result "0-1"]
[WhiteElo "2399"]
[BlackElo "2486"]
[PlyCount "32"]
[EventDate "2021.??.??"]
[EventType "blitz"]

1. e4 e5 2. Nf3 d5 3. Nxe5 Bd6 4. d4 dxe4 5. Nc3 Bxe5 6. dxe5 Qxd1+ 7. Kxd1 Nc6
8. Bb5 Bg4+ 9. Ke1 Bd7 10. Nxe4 O-O-O 11. Bg5 Re8 12. f4 f6 13. Bh4 g5 14. Bg3
gxf4 15. Bxf4 Nxe5 16. Bxd7+ Nxd7 {Normal} 0-1

[Event "Rated Blitz game"]
[Site "?"]
[Date "2021.01.02"]
[Round "?"]
[White "lucumpe04"]
[Black "ali-sh"]
[Result "0-1"]
[WhiteElo "2458"]
[BlackElo "2550"]
[PlyCount "148"]
[EventDate "2021.??.??"]
[EventType "blitz"]

1. e4 e5 2. Nf3 d5 3. exd5 e4 4. Nd4 Qxd5 5. Nb3 Nf6 6. Nc3 Qe5 7. Qe2 Nc6 8.
h3 Bf5 9. g4 Bg6 10. Bg2 O-O-O 11. Qb5 Qxb5 12. Nxb5 Nb4 13. Na3 Nc6 14. O-O
Bxa3 15. bxa3 h5 16. g5 Nd5 17. Bb2 Rhg8 18. Rfe1 Rde8 19. Nc5 Nf4 20. Re3 Nxg2
21. Kxg2 b6 22. Nb3 f5 23. gxf6 gxf6 24. Bxf6 Re6 25. Bc3 Ne5 26. Bxe5 Rxe5 27.
Rg3 h4 28. Rg4 Rd5 29. Kh2 a5 30. Rag1 Rd6 31. a4 Rf6 32. R1g2 c5 33. Nc1 Kd7
34. Ne2 Ke7 35. Nf4 Kf7 36. Kg1 Bh7 37. Rxh4 Rxg2+ 38. Kxg2 Bf5 39. Nd5 Rg6+
40. Kf1 Rd6 41. Ne3 Bg6 42. Rf4+ Kg7 43. Ke1 Rd4 44. Nf5+ Bxf5 45. Rxf5 Rxa4
46. Re5 Rxa2 47. Rxe4 Kf6 48. Rh4 Rb2 49. Rh6+ Kg5 50. Rc6 a4 51. Rc7 a3 52.
Ra7 a2 53. Kd1 Rb1+ 54. Ke2 a1=Q 55. Rxa1 Rxa1 56. Ke3 Rh1 57. f4+ Kf5 58. h4
Rh3+ 59. Ke2 Rxh4 60. d4 Rxf4 61. dxc5 bxc5 62. Kd3 Ke5 63. Kc3 Kd5 64. Kd3 c4+
65. Kc3 Rf3+ 66. Kb4 Kd4 67. Ka4 Rc3 68. Kb4 Rxc2 69. Ka3 Kd3 70. Kb4 c3 71.
Ka3 Rb2 72. Ka4 Rb8 73. Ka3 c2 74. Ka2 Kd2 {Normal} 0-1

[Event "Rated Blitz tournament DCklWRaf"]
[Site "?"]
[Date "2021.01.02"]
[Round "?"]
[White "DisguisedGoldfish"]
[Black "Jlgg50972"]
[Result "0-1"]
[WhiteElo "2334"]
[BlackElo "2402"]
[PlyCount "54"]
[EventDate "2021.??.??"]
[EventType "blitz"]

1. e4 e5 2. Nf3 d5 3. exd5 e4 4. Ne5 Qxd5 5. Nc4 Nf6 6. Nc3 Qf5 7. d3 Nc6 8.
dxe4 Nxe4 9. Qe2 Nd4 10. Qxe4+ Qxe4+ 11. Nxe4 Nxc2+ 12. Kd1 Nxa1 13. Bd3 Be6
14. Bg5 Be7 15. Bxe7 Kxe7 16. Kc1 Rad8 17. Be2 Bf5 18. f3 Bg6 19. Kb1 f5 20.
Nc3 a6 21. Kxa1 b5 22. Ne5 Rd2 23. Re1 Kf6 24. Nxg6 hxg6 25. h3 b4 26. Nb1 Rc2
27. b3 Re8 {Normal} 0-1

[Event "Rated Blitz game"]
[Site "?"]
[Date "2021.01.02"]
[Round "?"]
[White "Jimmythedog"]
[Black "ali-sh"]
[Result "0-1"]
[WhiteElo "2503"]
[BlackElo "2555"]
[PlyCount "31"]
[EventDate "2021.??.??"]
[EventType "blitz"]

1. e4 e5 2. Nf3 d5 3. exd5 e4 4. Ne5 Qxd5 5. d4 exd3 6. Nxd3 Bd6 7. Nc3 Qf5 8.
Be2 Be6 9. Bf3 Nc6 10. O-O Nge7 11. Ne4 O-O-O 12. Nxd6+ Rxd6 13. Be3 Rhd8 14.
Qc1 Ng6 15. g3 Qxf3 16. Nc5 {Normal} 0-1

[Event "Rated Blitz game"]
[Site "?"]
[Date "2021.01.02"]
[Round "?"]
[White "H-HH"]
[Black "Maltinho"]
[Result "0-1"]
[WhiteElo "2442"]
[BlackElo "2505"]
[PlyCount "74"]
[EventDate "2021.??.??"]
[EventType "blitz"]

1. e4 e5 2. Nf3 d5 3. exd5 Bd6 4. d4 e4 5. Nfd2 Nf6 6. Be2 O-O 7. c4 Re8 8. Nc3
c6 9. c5 Bf8 10. d6 Bf5 11. Nf1 Nbd7 12. Be3 Nd5 13. Nxd5 cxd5 14. g4 Bg6 15.
h4 h6 16. Ng3 Rc8 17. b4 b6 18. Ba6 bxc5 19. bxc5 Qa5+ 20. Kf1 Qxa6+ 21. Kg2
Rb8 22. h5 Bh7 23. Qc2 Qc6 24. Rhb1 Nb6 25. Qb3 Nd7 26. Qa3 a6 27. Qa5 Nf6 28.
Qc7 Qxc7 29. dxc7 Rbc8 30. Rb7 Nxg4 31. Bf4 e3 32. fxe3 Nxe3+ 33. Kf3 Nf5 34.
Rb8 Nxd4+ 35. Kg2 Ne6 36. Bd6 Nxc7 37. Bxc7 Rxb8 {Normal} 0-1

[Event "Rated Blitz tournament jan21bta"]
[Site "?"]
[Date "2021.01.02"]
[Round "?"]
[White "Slava50"]
[Black "Jomajo"]
[Result "0-1"]
[WhiteElo "2349"]
[BlackElo "2569"]
[PlyCount "114"]
[EventDate "2021.??.??"]
[EventType "blitz"]

1. e4 e5 2. Nf3 d5 3. Nxe5 Bd6 4. d4 dxe4 5. Bc4 Bxe5 6. Qh5 Qf6 7. dxe5 Qg6 8.
Qxg6 hxg6 9. Nc3 Nc6 10. Bf4 Bf5 11. O-O-O Nge7 12. h3 g5 13. Bxg5 Nxe5 14. Bb3
f6 15. Be3 c6 16. Ne2 Bd7 17. g4 Nd5 18. Ng3 Nxe3 19. fxe3 O-O-O 20. Nxe4 Kc7
21. Nc5 Bc8 22. Rxd8 Rxd8 23. Ne6+ Bxe6 24. Bxe6 Rh8 25. h4 Kd6 26. Bf5 g6 27.
Be4 Nxg4 28. Bxg6 Nxe3 29. h5 Ng4 30. Rf1 Ke6 31. Bf5+ Ke5 32. Bxg4 Rg8 33. Bd1
f5 34. Rh1 Rh8 35. h6 Kf6 36. Be2 Rh7 37. Bd3 Kg5 38. Rg1+ Kf6 39. Rh1 Kg5 40.
Kd2 Kg4 41. Ke3 f4+ 42. Kf2 Rh8 43. h7 f3 44. Rg1+ Kf4 45. Rg8 Rxh7 46. Bxh7
Ke5 47. Rf8 Kd6 48. Rxf3 b6 49. Rf7 a5 50. Ra7 Kc5 51. Ra6 Kb5 52. Ra7 Kc5 53.
Bd3 b5 54. c3 Kb6 55. Ra8 a4 56. Re8 Kb7 57. b3 a3 {Time forfeit} 0-1